000 00507nam a2200193Ia 4500
003 IIN
005 20250430104656.0
008 231217s2013 xx ad 001 0 eng d
020 _cRs.1250.00
_a9789357905265
040 _aIIN
_bEnglish
082 _a610.73
_bBAS
100 1 _aBasavanthappa, B.T.
245 1 _aNursing Foundation/
_cB.T. Basavanthappa
260 _bJaypee
_aNew Delhi
_c2013
300 _axvi, 966 p.
_bill.
500 _aIncludes Index
650 1 _aFoundation
_vNursing
942 _cBOOK
999 _c602
_d602